| 000 -LEADER |
| fixed length control field |
00756cam a2200217 a 4500 |
| 020 ## - INTERNATIONAL STANDARD BOOK NUMBER |
| ISBN |
9780774818674 (bound : acidfree paper) |
| 020 ## - INTERNATIONAL STANDARD BOOK NUMBER |
| ISBN |
0774818670 (bound : acidfree paper) |
| 020 ## - INTERNATIONAL STANDARD BOOK NUMBER |
| ISBN |
9780774818681(pbk.) |
| 040 ## - CATALOGING SOURCE |
| Transcribing agency |
NLC |
| 082 04 - DEWEY DECIMAL CLASSIFICATION NUMBER |
| Classification number |
917 UBC 2010 C151 Or. |
| 100 1# - MAIN ENTRY--AUTHOR NAME |
| Personal name |
Cavell, Janice. |
| 245 10 - TITLE STATEMENT |
| Title |
Acts of occupation : |
| Remainder of title |
Canada and Arctic sovereignty, 1918-25 / |
| 260 ## - PUBLICATION, DISTRIBUTION, ETC. (IMPRINT) |
| Place of publication |
Vancouver : |
| Name of publisher |
UBC Press, |
| Year of publication |
c2010. |
| 300 ## - PHYSICAL DESCRIPTION |
| Number of Pages |
ix, 333 p. : |
| Other physical details |
ill., maps, ports. ; |
| Dimensions |
24 cm. |
| 650 #0 - SUBJECT ADDED ENTRY--TOPICAL TERM |
| Topical Term |
Jurisdiction, Territorial |
| 650 #6 - SUBJECT ADDED ENTRY--TOPICAL TERM |
| Topical Term |
Compétence territoriale |
| 700 1# - ADDED ENTRY--PERSONAL NAME |
| Personal name |
Noakes, Jeffrey David, |
| 856 41 - ELECTRONIC LOCATION AND ACCESS |
| Uniform Resource Identifier |
http://www.loc.gov/catdir/toc/fy12pdf01/2010549457.html |
| 856 42 - ELECTRONIC LOCATION AND ACCESS |
| Uniform Resource Identifier |
http://www.h-net.org/reviews/showrev.php?id=32495 |
| 942 ## - ADDED ENTRY ELEMENTS (KOHA) |
| Koha item type |
ADB |
| 952 ## - LOCATION AND ITEM INFORMATION (KOHA) |
| Withdrawn status [LOCAL, KOHA] |
0 |